[Event "escc2023_65"]
[Site "?"]
[Date "2023.05.27"]
[Round "2.2"]
[White "Iudicello, Giovanni"]
[Black "Ftacnik, Lubomir"]
[Result "1/2-1/2"]
[BlackElo "2456"]
[WhiteElo "2081"]
[LiveChessVersion "1.4.8"]

1. e4 {[%clk 1:30:56]} c5 {[%clk 1:30:53]} 2. Nf3 {[%clk 1:31:18]} d6
{[%clk 1:31:15]} 3. d3 {[%clk 1:31:01]} Nf6 {[%clk 1:31:02]} 4. g3
{[%clk 1:31:22]} g6 {[%clk 1:30:54]} 5. Bg2 {[%clk 1:31:44]} Nc6 {[%clk 1:31:07]}
6. Nc3 {[%clk 1:31:05]} Bg7 {[%clk 1:31:22]} 7. O-O {[%clk 1:31:17]} O-O
{[%clk 1:31:41]} 8. Bd2 {[%clk 1:28:21]} Rb8 {[%clk 1:29:16]} 9. Qc1
{[%clk 1:28:30]} b5 {[%clk 1:15:57]} 10. Bh6 {[%clk 1:27:54]} e6 {[%clk 1:15:16]}
11. Bxg7 {[%clk 1:25:45]} Kxg7 {[%clk 1:15:33]} 12. Qd2 {[%clk 1:15:14]} b4
{[%clk 1:13:50]} 13. Nd1 {[%clk 1:07:07]} d5 {[%clk 1:04:42]} 14. exd5
{[%clk 1:05:23]} exd5 {[%clk 1:02:32]} 15. Ne3 {[%clk 1:00:44]} Re8
{[%clk 1:01:52]} 16. Rfe1 {[%clk 0:57:30]} a5 {[%clk 0:55:11]} 17. Rad1
{[%clk 0:53:35]} h6 {[%clk 0:46:46]} 18. Qc1 {[%clk 0:45:13]} Be6
{[%clk 0:35:14]} 19. d4 {[%clk 0:38:17]} Qb6 {[%clk 0:35:29]} 20. dxc5
{[%clk 0:31:07]} Qxc5 {[%clk 0:35:57]} 21. Qd2 {[%clk 0:30:07]} Rec8
{[%clk 0:25:01]} 22. Nd4 {[%clk 0:29:21]} Nxd4 {[%clk 0:24:25]} 23. Qxd4
{[%clk 0:29:45]} Qxd4 {[%clk 0:24:26]} 24. Rxd4 {[%clk 0:30:09]} a4
{[%clk 0:23:56]} 25. h4 {[%clk 0:27:23]} Rc5 {[%clk 0:20:06]} 26. Re2
{[%clk 0:22:52]} h5 {[%clk 0:18:33]} 27. Red2 {[%clk 0:18:18]} Rbb5
{[%clk 0:16:38]} 28. Bf3 {[%clk 0:12:03]} Kf8 {[%clk 0:05:42]} 29. a3
{[%clk 0:08:23]} bxa3 {[%clk 0:05:10]} 30. bxa3 {[%clk 0:08:51]} Ra5
{[%clk 0:05:09]} 31. Rf4 {[%clk 0:07:36]} Kg7 {[%clk 0:05:09]} 32. Rdd4
{[%clk 0:07:17]} Rc3 {[%clk 0:05:13]} 33. Rxa4 {[%clk 0:07:25]} Rxa3
{[%clk 0:05:29]} 34. Rxa3 {[%clk 0:06:20]} Rxa3 {[%clk 0:05:57]} 35. Rd4
{[%clk 0:06:26]} Rc3 {[%clk 0:04:06]} 36. Kf1 {[%clk 0:06:31]} Rc5
{[%clk 0:02:27]} 1/2-1/2

[Event "escc2023_65"]
[Site "?"]
[Date "2023.05.27"]
[Round "2.3"]
[White "Jensen, Allan Astrup"]
[Black "Renman, Nils-Gustaf"]
[Result "0-1"]
[BlackElo "2331"]
[WhiteElo "2041"]
[LiveChessVersion "1.4.8"]

1. c4 {[%clk 1:30:45]} c5 {[%clk 1:29:51]} 2. Nc3 {[%clk 1:31:03]} Nc6
{[%clk 1:29:58]} 3. Nf3 {[%clk 1:31:21]} e5 {[%clk 1:30:03]} 4. g3
{[%clk 1:31:17]} g6 {[%clk 1:29:17]} 5. Bg2 {[%clk 1:31:41]} Bg7 {[%clk 1:29:39]}
6. O-O {[%clk 1:32:02]} Nge7 {[%clk 1:29:45]} 7. d3 {[%clk 1:31:34]} O-O
{[%clk 1:29:35]} 8. Bg5 {[%clk 1:31:00]} f6 {[%clk 1:29:24]} 9. Bd2
{[%clk 1:30:51]} d6 {[%clk 1:27:36]} 10. a3 {[%clk 1:27:15]} Be6 {[%clk 1:27:22]}
11. Rb1 {[%clk 1:27:32]} d5 {[%clk 1:25:28]} 12. b3 {[%clk 1:20:08]} Qd7
{[%clk 1:23:01]} 13. Re1 {[%clk 1:17:15]} Rad8 {[%clk 1:15:25]} 14. Qc1
{[%clk 1:13:51]} b6 {[%clk 1:14:58]} 15. e4 {[%clk 1:03:12]} dxe4
{[%clk 1:12:17]} 16. dxe4 {[%clk 1:03:22]} Bg4 {[%clk 0:59:16]} 17. Nd5
{[%clk 0:59:02]} Bxf3 {[%clk 0:57:48]} 18. Bxf3 {[%clk 0:59:24]} Nd4
{[%clk 0:58:10]} 19. Bg2 {[%clk 0:58:49]} Nxd5 {[%clk 0:56:54]} 20. cxd5
{[%clk 0:52:57]} Rc8 {[%clk 0:56:33]} 21. Qd1 {[%clk 0:47:19]} f5
{[%clk 0:51:23]} 22. Be3 {[%clk 0:47:00]} Nb5 {[%clk 0:51:05]} 23. Qd3
{[%clk 0:43:14]} Nxa3 {[%clk 0:48:38]} 24. Ra1 {[%clk 0:43:43]} Nb5
{[%clk 0:48:27]} 25. d6 {[%clk 0:43:35]} f4 {[%clk 0:47:55]} 26. Qd5+
{[%clk 0:41:31]} Kh8 {[%clk 0:46:34]} 27. gxf4 {[%clk 0:41:51]} exf4
{[%clk 0:44:53]} 28. e5 {[%clk 0:42:10]} fxe3 {[%clk 0:44:06]} 29. Rxe3
{[%clk 0:42:29]} Qf5 {[%clk 0:41:51]} 30. Rf1 {[%clk 0:42:38]} Rcd8
{[%clk 0:38:38]} 31. f4 {[%clk 0:37:33]} Nxd6 {[%clk 0:36:25]} 32. Kh1
{[%clk 0:27:21]} Nc8 {[%clk 0:35:34]} 33. Qc6 {[%clk 0:26:29]} Ne7
{[%clk 0:35:01]} 34. Qb7 {[%clk 0:26:48]} Qd7 {[%clk 0:34:20]} 35. Qe4
{[%clk 0:23:14]} Qd4 {[%clk 0:34:17]} 0-1

[Event "escc2023_65"]
[Site "?"]
[Date "2023.05.27"]
[Round "2.4"]
[White "Gaprindashvili, Nona"]
[Black "Van Hoolandt, Patrick"]
[Result "1-0"]
[BlackElo "2035"]
[WhiteElo "2274"]
[LiveChessVersion "1.4.8"]

1. d4 {[%clk 1:30:58]} Nf6 {[%clk 1:30:49]} 2. c4 {[%clk 1:31:18]} e6
{[%clk 1:31:11]} 3. Nf3 {[%clk 1:31:34]} d5 {[%clk 1:30:54]} 4. Nc3
{[%clk 1:31:36]} Bb4 {[%clk 1:30:47]} 5. cxd5 {[%clk 1:31:37]} exd5
{[%clk 1:31:07]} 6. Bg5 {[%clk 1:31:56]} Nbd7 {[%clk 1:31:05]} 7. Qa4
{[%clk 1:31:53]} Bxc3+ {[%clk 1:22:45]} 8. bxc3 {[%clk 1:32:13]} O-O
{[%clk 1:22:43]} 9. e3 {[%clk 1:31:37]} c6 {[%clk 1:15:11]} 10. Bd3
{[%clk 1:31:42]} Re8 {[%clk 1:11:36]} 11. O-O {[%clk 1:31:42]} h6
{[%clk 1:07:27]} 12. Bh4 {[%clk 1:31:46]} g5 {[%clk 1:04:54]} 13. Bg3
{[%clk 1:31:31]} Ne4 {[%clk 1:05:05]} 14. Qc2 {[%clk 1:31:18]} Nxg3
{[%clk 1:00:45]} 15. fxg3 {[%clk 1:27:20]} Re7 {[%clk 0:42:33]} 16. Rae1
{[%clk 1:26:30]} Nf8 {[%clk 0:35:45]} 17. Ne5 {[%clk 1:25:29]} Be6
{[%clk 0:36:01]} 18. Rf6 {[%clk 1:21:09]} Kg7 {[%clk 0:36:17]} 19. Qf2
{[%clk 1:11:11]} Nd7 {[%clk 0:17:19]} 20. Rf1 {[%clk 0:54:26]} Nxe5
{[%clk 0:17:28]} 21. dxe5 {[%clk 0:54:55]} Rc7 {[%clk 0:14:31]} 22. Bf5
{[%clk 0:48:18]} Qe8 {[%clk 0:14:53]} 23. Bxe6 {[%clk 0:47:11]} fxe6
{[%clk 0:15:05]} 24. h4 {[%clk 0:47:14]} Qg8 {[%clk 0:04:44]} 25. Qf3
{[%clk 0:46:14]} gxh4 {[%clk 0:03:02]} 26. Qh5 {[%clk 0:45:27]} Kh8
{[%clk 0:03:18]} 27. gxh4 {[%clk 0:40:44]} Rh7 {[%clk 0:01:34]} 28. Rxh6
{[%clk 0:30:39]} Qg7 {[%clk 0:00:51]} 29. Rff6 {[%clk 0:29:13]} 1-0

[Event "escc2023_65"]
[Site "?"]
[Date "2023.05.27"]
[Round "2.5"]
[White "Brongers, Henk"]
[Black "Rooze, Jan"]
[Result "0-1"]
[BlackElo "2268"]
[WhiteElo "2036"]
[LiveChessVersion "1.4.8"]

1. e4 {[%clk 1:30:55]} c5 {[%clk 1:30:55]} 2. Nf3 {[%clk 1:31:18]} e6
{[%clk 1:31:23]} 3. d4 {[%clk 1:31:38]} cxd4 {[%clk 1:31:51]} 4. Nxd4
{[%clk 1:31:57]} a6 {[%clk 1:32:17]} 5. Bd3 {[%clk 1:31:34]} Bc5 {[%clk 1:32:30]}
6. Nb3 {[%clk 1:31:55]} Ba7 {[%clk 1:32:54]} 7. Nc3 {[%clk 1:31:22]} Nc6
{[%clk 1:29:52]} 8. Qe2 {[%clk 1:31:29]} Nge7 {[%clk 1:29:30]} 9. Be3
{[%clk 1:31:47]} b5 {[%clk 1:29:28]} 10. O-O-O {[%clk 1:31:40]} O-O
{[%clk 1:26:13]} 11. f4 {[%clk 1:31:17]} b4 {[%clk 1:15:05]} 12. Na4
{[%clk 1:31:37]} Qc7 {[%clk 1:15:18]} 13. Rhf1 {[%clk 1:21:50]} d6
{[%clk 1:08:54]} 14. Bxa7 {[%clk 1:10:33]} Rxa7 {[%clk 1:08:14]} 15. Qf2
{[%clk 0:57:04]} a5 {[%clk 1:02:25]} 16. Qb6 {[%clk 0:51:29]} Qxb6
{[%clk 0:57:15]} 17. Nxb6 {[%clk 0:51:52]} a4 {[%clk 0:57:39]} 18. Nxc8
{[%clk 0:50:31]} Rxc8 {[%clk 0:57:49]} 19. Nd2 {[%clk 0:49:30]} a3
{[%clk 0:44:51]} 20. b3 {[%clk 0:43:39]} Nd4 {[%clk 0:41:41]} 21. Nc4
{[%clk 0:33:35]} Rac7 {[%clk 0:40:45]} 22. Nxd6 {[%clk 0:28:05]} Rxc2+
{[%clk 0:40:48]} 23. Kb1 {[%clk 0:25:28]} Rb2+ {[%clk 0:37:11]} 24. Ka1
{[%clk 0:25:53]} Rcc2 {[%clk 0:36:37]} 25. Nc4 {[%clk 0:25:38]} Rxa2+
{[%clk 0:36:51]} 0-1

[Event "escc2023_65"]
[Site "?"]
[Date "2023.05.27"]
[Round "2.7"]
[White "Rodella, Franco"]
[Black "Pritchett, Craig W"]
[Result "1/2-1/2"]
[BlackElo "2232"]
[WhiteElo "2035"]
[LiveChessVersion "1.4.8"]

1. d4 {[%clk 1:30:56]} Nf6 {[%clk 1:30:40]} 2. Nf3 {[%clk 1:31:16]} b6
{[%clk 1:30:34]} 3. Bf4 {[%clk 1:30:45]} Bb7 {[%clk 1:30:46]} 4. Nbd2
{[%clk 1:31:01]} g6 {[%clk 1:29:23]} 5. e3 {[%clk 1:30:57]} Bg7 {[%clk 1:28:30]}
6. c3 {[%clk 1:30:05]} O-O {[%clk 1:27:34]} 7. Bd3 {[%clk 1:29:52]} d6
{[%clk 1:26:33]} 8. O-O {[%clk 1:29:23]} c5 {[%clk 1:22:21]} 9. h3
{[%clk 1:27:50]} Nc6 {[%clk 1:20:30]} 10. Qe2 {[%clk 1:27:21]} Rc8
{[%clk 1:14:22]} 11. Ba6 {[%clk 1:24:52]} Bxa6 {[%clk 1:11:06]} 12. Qxa6
{[%clk 1:23:08]} Qd7 {[%clk 1:08:40]} 13. Qd3 {[%clk 1:21:12]} cxd4
{[%clk 0:55:52]} 14. exd4 {[%clk 1:21:07]} Nd5 {[%clk 0:52:36]} 15. Bg3
{[%clk 1:19:10]} Na5 {[%clk 0:49:39]} 16. Rfe1 {[%clk 1:17:52]} Rfe8
{[%clk 0:40:57]} 17. Rad1 {[%clk 1:14:37]} b5 {[%clk 0:40:32]} 18. Qe4
{[%clk 1:07:18]} Nf6 {[%clk 0:36:57]} 19. Qb1 {[%clk 1:05:21]} Nc4
{[%clk 0:36:18]} 20. Nxc4 {[%clk 1:05:10]} bxc4 {[%clk 0:36:39]} 21. Nd2
{[%clk 1:05:11]} Qb5 {[%clk 0:34:21]} 22. Qc2 {[%clk 1:04:38]} Nh5
{[%clk 0:27:01]} 23. Bh2 {[%clk 1:04:14]} Bh6 {[%clk 0:26:02]} 24. Re2
{[%clk 0:57:59]} d5 {[%clk 0:10:27]} 25. Rde1 {[%clk 0:54:14]} e6
{[%clk 0:10:43]} 26. Nf3 {[%clk 0:54:18]} Nf4 {[%clk 0:10:07]} 27. Bxf4
{[%clk 0:54:06]} Bxf4 {[%clk 0:10:35]} 28. g3 {[%clk 0:54:08]} Bh6
{[%clk 0:09:46]} 29. Ne5 {[%clk 0:54:02]} Bg7 {[%clk 0:09:49]} 30. h4
{[%clk 0:50:14]} Qb7 {[%clk 0:06:49]} 31. Qd2 {[%clk 0:49:40]} Qe7
{[%clk 0:06:13]} 32. Qf4 {[%clk 0:48:39]} Qf6 {[%clk 0:05:12]} 33. Qd2
{[%clk 0:46:52]} Qe7 {[%clk 0:04:52]} 34. Ng4 {[%clk 0:43:58]} h5
{[%clk 0:03:59]} 35. Ne5 {[%clk 0:43:45]} Bxe5 {[%clk 0:02:46]} 36. Rxe5
{[%clk 0:43:52]} Qf6 {[%clk 0:02:09]} 37. Qe3 {[%clk 0:43:42]} Rb8
{[%clk 0:02:01]} 38. Re2 {[%clk 0:43:17]} Kg7 {[%clk 0:01:57]} 39. Kg2
{[%clk 0:40:34]} Rb5 {[%clk 0:01:33]} 40. Qc1 {[%clk 0:40:21]} Reb8
{[%clk 0:01:20]} 41. R5e3 {[%clk 0:39:50]} R8b6 {[%clk 0:28:27]} 42. Rc2
{[%clk 1:06:18]} Qe7 {[%clk 0:27:04]} 43. Ree2 {[%clk 1:06:23]} a5
{[%clk 0:23:48]} 44. Kh3 {[%clk 1:04:34]} a4 {[%clk 0:23:15]} 45. a3
{[%clk 1:04:36]} Qf6 {[%clk 0:21:12]} 46. f3 1/2-1/2

[Event "escc2023_65"]
[Site "?"]
[Date "2023.05.27"]
[Round "2.8"]
[White "Schulz, Michael"]
[Black "Hinteregger, Arthur"]
[Result "1-0"]
[BlackElo "2000"]
[WhiteElo "2215"]
[LiveChessVersion "1.4.8"]

1. d4 {[%clk 1:30:56]} e6 {[%clk 1:30:50]} 2. Nf3 {[%clk 1:31:16]} f5
{[%clk 1:30:53]} 3. Bf4 {[%clk 1:31:27]} Nf6 {[%clk 1:30:52]} 4. h3
{[%clk 1:31:29]} b6 {[%clk 1:29:00]} 5. Nbd2 {[%clk 1:31:26]} Bb7
{[%clk 1:29:03]} 6. e3 {[%clk 1:31:52]} Be7 {[%clk 1:28:16]} 7. Bd3
{[%clk 1:31:16]} O-O {[%clk 1:27:18]} 8. O-O {[%clk 1:31:38]} Ne4
{[%clk 1:24:47]} 9. c3 {[%clk 1:28:18]} d6 {[%clk 1:24:16]} 10. a4
{[%clk 1:27:08]} a5 {[%clk 1:18:13]} 11. Qc2 {[%clk 1:24:33]} Nxd2
{[%clk 1:15:16]} 12. Nxd2 {[%clk 1:24:05]} d5 {[%clk 1:14:20]} 13. f3
{[%clk 1:21:18]} c5 {[%clk 0:58:58]} 14. Rae1 {[%clk 1:16:11]} Na6
{[%clk 0:52:56]} 15. Qd1 {[%clk 1:14:50]} Qd7 {[%clk 0:51:13]} 16. Bb5
{[%clk 1:05:00]} Bc6 {[%clk 0:50:20]} 17. Qe2 {[%clk 1:03:10]} Nc7
{[%clk 0:46:20]} 18. Bxc6 {[%clk 1:01:47]} Qxc6 {[%clk 0:46:43]} 19. e4
{[%clk 1:01:24]} Bd6 {[%clk 0:43:49]} 20. Bxd6 {[%clk 1:00:46]} Qxd6
{[%clk 0:44:11]} 21. exd5 {[%clk 0:57:02]} exd5 {[%clk 0:43:41]} 22. Qe7
{[%clk 0:56:51]} Qxe7 {[%clk 0:39:04]} 23. Rxe7 {[%clk 0:57:15]} Rf7
{[%clk 0:39:24]} 24. Rfe1 {[%clk 0:56:59]} c4 {[%clk 0:36:12]} 25. f4
{[%clk 0:56:53]} Kf8 {[%clk 0:35:59]} 26. Rxf7+ {[%clk 0:56:53]} Kxf7
{[%clk 0:36:19]} 27. Nf3 {[%clk 0:57:11]} g6 {[%clk 0:26:37]} 28. Ng5+
{[%clk 0:55:56]} Kg8 {[%clk 0:25:20]} 29. Re7 {[%clk 0:53:45]} h6
{[%clk 0:21:14]} 30. Rxc7 {[%clk 0:53:09]} hxg5 {[%clk 0:21:38]} 31. fxg5
{[%clk 0:53:34]} Rb8 {[%clk 0:21:38]} 32. Rd7 {[%clk 0:52:45]} b5
{[%clk 0:22:02]} 33. Rxd5 {[%clk 0:53:02]} bxa4 {[%clk 0:22:25]} 34. Rxa5
{[%clk 0:53:23]} Rxb2 {[%clk 0:22:44]} 35. Rxa4 Rb6 1-0

[Event "escc2023_65"]
[Site "?"]
[Date "2023.05.27"]
[Round "2.9"]
[White "Serra Olives, Tomas"]
[Black "Fischdick, Gisela"]
[Result "1/2-1/2"]
[BlackElo "2205"]
[WhiteElo "2004"]
[LiveChessVersion "1.4.8"]

1. c4 {[%clk 1:30:46]} c6 {[%clk 1:29:21]} 2. Nf3 {[%clk 1:30:26]} d5
{[%clk 1:28:41]} 3. g3 {[%clk 1:30:16]} Nf6 {[%clk 1:28:51]} 4. Bg2
{[%clk 1:30:36]} Bf5 {[%clk 1:28:01]} 5. cxd5 {[%clk 1:21:30]} cxd5
{[%clk 1:28:10]} 6. O-O {[%clk 1:18:39]} Nc6 {[%clk 1:27:42]} 7. d3
{[%clk 1:11:18]} e6 {[%clk 1:23:44]} 8. Nc3 {[%clk 1:07:33]} Be7 {[%clk 1:22:43]}
9. Bf4 {[%clk 0:57:08]} O-O {[%clk 1:19:22]} 10. a3 {[%clk 0:47:31]} h6
{[%clk 1:16:33]} 11. Re1 {[%clk 0:47:22]} Rc8 {[%clk 1:15:11]} 12. e4
{[%clk 0:45:47]} dxe4 {[%clk 1:09:06]} 13. dxe4 {[%clk 0:46:10]} Bh7
{[%clk 1:07:43]} 14. Qe2 {[%clk 0:44:24]} Qb6 {[%clk 1:01:55]} 15. Red1
{[%clk 0:43:26]} Rfd8 {[%clk 1:01:22]} 16. Be3 {[%clk 0:38:01]} Qc7
{[%clk 0:55:23]} 17. Nd4 {[%clk 0:37:22]} Nxd4 {[%clk 0:51:43]} 18. Rxd4
{[%clk 0:36:24]} Rxd4 {[%clk 0:50:54]} 1/2-1/2

[Event "escc2023_65"]
[Site "?"]
[Date "2023.05.27"]
[Round "2.10"]
[White "Koehler, Gerhard"]
[Black "Goli, Daniele"]
[Result "1-0"]
[BlackElo "1971"]
[WhiteElo "2205"]
[LiveChessVersion "1.4.8"]

1. c4 {[%clk 1:30:57]} c5 {[%clk 1:30:47]} 2. g3 {[%clk 1:31:19]} Nf6
{[%clk 1:30:28]} 3. Bg2 {[%clk 1:31:40]} Nc6 {[%clk 1:30:40]} 4. Nc3
{[%clk 1:31:56]} g6 {[%clk 1:30:56]} 5. Nf3 {[%clk 1:31:22]} Bg7 {[%clk 1:31:01]}
6. d4 {[%clk 1:31:12]} cxd4 {[%clk 1:29:01]} 7. Nxd4 {[%clk 1:30:26]} O-O
{[%clk 1:25:49]} 8. O-O {[%clk 1:30:12]} a6 {[%clk 1:20:58]} 9. Rb1
{[%clk 1:15:22]} Qc7 {[%clk 1:12:51]} 10. Nc2 {[%clk 1:08:18]} d6
{[%clk 1:10:26]} 11. Ne3 {[%clk 1:06:27]} Be6 {[%clk 1:07:06]} 12. Ned5
{[%clk 1:04:03]} Bxd5 {[%clk 1:04:10]} 13. cxd5 {[%clk 1:03:50]} Ne5
{[%clk 1:03:59]} 14. Be3 {[%clk 0:54:52]} Rac8 {[%clk 0:55:24]} 15. Bh3
{[%clk 0:51:06]} Nfg4 {[%clk 0:42:47]} 16. Bd4 {[%clk 0:43:23]} f5
{[%clk 0:42:41]} 17. e3 {[%clk 0:36:39]} Nf6 {[%clk 0:37:42]} 18. e4
{[%clk 0:29:43]} Qd7 {[%clk 0:31:13]} 19. exf5 {[%clk 0:27:54]} gxf5
{[%clk 0:30:26]} 20. Qe2 {[%clk 0:23:33]} Nfg4 {[%clk 0:22:47]} 21. Rbd1
{[%clk 0:22:42]} Qe8 {[%clk 0:13:20]} 22. f4 {[%clk 0:19:11]} Qh5
{[%clk 0:13:29]} 23. Kg2 {[%clk 0:19:13]} Ng6 {[%clk 0:07:37]} 24. Rfe1
{[%clk 0:12:40]} Bxd4 {[%clk 0:04:41]} 25. Rxd4 {[%clk 0:13:01]} Rf6
{[%clk 0:05:02]} 26. Bxg4 {[%clk 0:11:57]} Qxg4 {[%clk 0:04:20]} 27. Qxg4
{[%clk 0:11:08]} fxg4 {[%clk 0:04:40]} 28. Re2 {[%clk 0:11:22]} Rc7
{[%clk 0:04:56]} 29. Ne4 {[%clk 0:11:24]} Rf5 {[%clk 0:04:31]} 30. Ng5
{[%clk 0:11:29]} Rc5 {[%clk 0:04:02]} 31. Red2 {[%clk 0:11:45]} Nf8
{[%clk 0:03:08]} 32. Ne4 {[%clk 0:09:58]} Rc7 {[%clk 0:02:56]} 33. Nf2
{[%clk 0:10:01]} h5 {[%clk 0:03:13]} 34. h3 {[%clk 0:10:09]} gxh3+
{[%clk 0:03:38]} 35. Kxh3 {[%clk 0:09:46]} Ng6 {[%clk 0:03:12]} 36. Ne4
{[%clk 0:06:46]} Kg7 {[%clk 0:02:59]} 37. Ng5 {[%clk 0:06:39]} Nf8
{[%clk 0:02:18]} 38. Re2 {[%clk 0:06:21]} Rf6 {[%clk 0:00:38]} 39. Rde4
{[%clk 0:05:22]} Rc5 {[%clk 0:00:43]} 40. Rxe7+ {[%clk 0:05:12]} Kg6
{[%clk 0:01:08]} 41. Ne4 {[%clk 0:05:03]} Rf5 42. Ng5 1-0

[Event "escc2023_65"]
[Site "?"]
[Date "2023.05.27"]
[Round "2.11"]
[White "Stokes, Michael"]
[Black "Chapman, Terry P D"]
[Result "0-1"]
[BlackElo "2204"]
[WhiteElo "1973"]
[LiveChessVersion "1.4.8"]

1. e4 {[%clk 1:30:58]} d6 {[%clk 1:30:57]} 2. d4 {[%clk 1:31:20]} Nf6
{[%clk 1:31:25]} 3. Nc3 {[%clk 1:31:39]} c6 {[%clk 1:31:52]} 4. f4
{[%clk 1:31:59]} Qa5 {[%clk 1:32:16]} 5. Bd3 {[%clk 1:29:46]} e5 {[%clk 1:32:37]}
6. Nf3 {[%clk 1:28:53]} Nbd7 {[%clk 1:32:55]} 7. Bd2 {[%clk 1:26:40]} Qc7
{[%clk 1:32:32]} 8. Ne2 {[%clk 1:23:43]} d5 {[%clk 1:27:40]} 9. Ng5
{[%clk 1:16:41]} h6 {[%clk 1:03:04]} 10. Nxf7 {[%clk 1:13:32]} Kxf7
{[%clk 1:02:50]} 11. dxe5 {[%clk 1:13:10]} Nxe4 {[%clk 0:57:20]} 12. Nd4
{[%clk 1:01:32]} Ndc5 {[%clk 0:56:16]} 13. O-O {[%clk 0:55:19]} Nxd3
{[%clk 0:54:42]} 14. e6+ {[%clk 0:52:42]} Kg8 {[%clk 0:48:53]} 15. Be3
{[%clk 0:51:55]} Nxb2 {[%clk 0:45:46]} 16. Qh5 {[%clk 0:46:02]} Nc4
{[%clk 0:32:19]} 17. Rae1 {[%clk 0:46:19]} Nxe3 {[%clk 0:26:12]} 18. Rxe3
{[%clk 0:46:37]} Bxe6 {[%clk 0:15:09]} 19. Nxe6 {[%clk 0:46:41]} Qf7
{[%clk 0:15:01]} 20. Qh3 {[%clk 0:43:54]} Bc5 {[%clk 0:13:16]} 21. Nxc5
{[%clk 0:44:12]} Nxc5 {[%clk 0:13:44]} 22. f5 {[%clk 0:43:37]} Qf6
{[%clk 0:07:13]} 23. Qh5 {[%clk 0:38:58]} Ne4 {[%clk 0:06:54]} 24. g4
{[%clk 0:38:28]} Rf8 {[%clk 0:04:37]} 25. Qh3 {[%clk 0:37:19]} h5
{[%clk 0:04:24]} 26. gxh5 {[%clk 0:36:10]} Qg5+ {[%clk 0:04:48]} 0-1

[Event "escc2023_65"]
[Site "?"]
[Date "2023.05.27"]
[Round "2.12"]
[White "Luciani, Carlo"]
[Black "Colombo, Alberto"]
[Result "1-0"]
[BlackElo "1968"]
[WhiteElo "2197"]
[LiveChessVersion "1.4.8"]

1. e4 {[%clk 1:30:58]} e6 {[%clk 1:30:45]} 2. d4 {[%clk 1:30:14]} d5
{[%clk 1:31:04]} 3. Nd2 {[%clk 1:30:35]} c5 {[%clk 1:31:01]} 4. exd5
{[%clk 1:30:38]} Qxd5 {[%clk 1:31:03]} 5. Ngf3 {[%clk 1:30:40]} Nc6
{[%clk 1:30:36]} 6. Bc4 {[%clk 1:24:50]} Qd8 {[%clk 1:30:42]} 7. dxc5
{[%clk 1:22:15]} Nf6 {[%clk 1:27:42]} 8. Nb3 {[%clk 1:15:25]} Qxd1+
{[%clk 1:27:07]} 9. Kxd1 {[%clk 1:15:48]} Be7 {[%clk 1:25:00]} 10. c3
{[%clk 1:12:56]} O-O {[%clk 1:23:57]} 11. Ke2 {[%clk 1:11:13]} Rd8
{[%clk 1:21:07]} 12. Rd1 {[%clk 1:05:08]} Rxd1 {[%clk 1:18:10]} 13. Kxd1
{[%clk 1:05:29]} Bd7 {[%clk 1:17:39]} 14. Ke2 {[%clk 1:02:42]} e5
{[%clk 1:11:55]} 15. Ng5 {[%clk 0:57:03]} Rf8 {[%clk 1:10:44]} 16. f3
{[%clk 0:54:49]} h6 {[%clk 1:09:53]} 17. Ne4 {[%clk 0:55:01]} Nxe4
{[%clk 1:08:08]} 18. fxe4 {[%clk 0:55:17]} Rc8 {[%clk 1:04:54]} 19. Be3
{[%clk 0:54:26]} Nd8 {[%clk 1:04:17]} 20. Bd5 {[%clk 0:52:09]} Kf8
{[%clk 1:00:51]} 21. Rb1 {[%clk 0:43:08]} Bb5+ {[%clk 0:52:08]} 22. Kd2
{[%clk 0:38:26]} Bg5 {[%clk 0:51:25]} 23. Bxg5 {[%clk 0:32:57]} hxg5
{[%clk 0:51:47]} 24. c4 {[%clk 0:27:54]} Ba4 {[%clk 0:48:22]} 25. Nc1
{[%clk 0:28:08]} f6 {[%clk 0:45:49]} 26. b4 {[%clk 0:25:20]} Bd7 {[%clk 0:45:48]}
27. Nb3 {[%clk 0:24:42]} Rc7 {[%clk 0:45:38]} 28. Kc3 {[%clk 0:24:15]} Ke7
{[%clk 0:45:43]} 29. b5 {[%clk 0:18:45]} Bc8 {[%clk 0:41:56]} 30. b6
{[%clk 0:17:32]} axb6 {[%clk 0:42:17]} 31. cxb6 {[%clk 0:17:53]} Rd7
{[%clk 0:42:24]} 32. a4 {[%clk 0:16:22]} Nc6 {[%clk 0:41:59]} 33. Bxc6
{[%clk 0:15:58]} bxc6 {[%clk 0:41:52]} 34. Nc5 {[%clk 0:16:19]} Rd4
{[%clk 0:41:16]} 35. b7 {[%clk 0:16:13]} Bxb7 {[%clk 0:41:34]} 36. Rxb7+
{[%clk 0:16:35]} 1-0